ბათუმის შოთა რუსთაველის სახელმწიფო უნივერსიტეტის ბიბლიოთეკა

ველური თუთა / (ბიბ.ჩანაწერი № 60609)

000 -ლიდერი
ფიქსირებული სიგრძის საკონტროლო ველი 01467nam a22002297a 4500
003 - საკონტროლო ნომრის იდენტიფიკატორი
საკონტროლო ველი Ge_BSU
005 - ბოლო ოპერაციის თარიღი და დრო
საკონტროლო ველი 20230920174006.0
008 - ფიქსირებული სიგრძის მონაცემთა ელემენტები - ზოგადი ინფორმაცია
ფიქსირებული სიგრძის საკონტროლო ველი 230920s2012 ge ||||| |||| 00| 0 geo d
041 ## - ენის კოდი
Language code of text/sound track or separate title geo
080 ## - უნივერსალური ათობითი კლასიფიკაციის ინდექსი
Universal Decimal Classification number 821.411.21 ი-93
100 ## - მთავარი ჩანაწერი - პიროვნების სახელი
Personal name იუნისი, იმან ჰუმაიდან
9 (RLIN) 19855
245 ## - ცნობა სათაურის შესახებ
Title ველური თუთა /
Statement of responsibility, etc იმან ჰუმაიდან იუნისი; არაბულიდან თარგმნა დარეჯან გარდავაძემ; პროექტის ავტორები: ზვიად კვარაცხელია, გვანცა ჯობავა; რედაქტორი: რუსუდან კოტეტიშვილი.
264 ## - წარმოების, გამოცემის, დისტრიბუციის და სხვა ცნობები
გამოცემის, წარმოების, დისტრიბუციის... ადგილი თბილისი:
გამოცემის, წარმოების, დისტრიბუციის... სახელწოდება ინტელექტი,
გამოცემის, წარმოების, დისტრიბუციის... თარიღი 2021.
300 ## - ფიზიკური აღწერა
Extent 154 გვ.;
Other physical details 21 სმ.
490 ## - სერიის ცნობა
Series statement არაბული ლიტერატურის ბიბლიოთეკა
653 ## - INDEX TERM--UNCONTROLLED
Uncontrolled term არაბული ლიტერატურა
653 ## - INDEX TERM--UNCONTROLLED
Uncontrolled term მხატვრული ლიტერატურა
700 ## - ADDED ENTRY--PERSONAL NAME
Personal name გარდავაძე, დარეჯან
Relator term მთარგმნელი
9 (RLIN) 2409
700 ## - ADDED ENTRY--PERSONAL NAME
Personal name კოტეტიშვილი, რუსუდან
Relator term რედაქტორი
9 (RLIN) 5659
700 ## - ADDED ENTRY--PERSONAL NAME
Personal name ჭანიშვილი, ქეთევან
Relator term გარეკანის დიზაინი
9 (RLIN) 19856
942 ## - ADDED ENTRY ELEMENTS (KOHA)
Source of classification or shelving scheme
Koha item type წიგნი
ეგზემპლარები
ჩამოწერის სტატუსი დაკარგული ეგზემპლარის სტატუსი კლასიფიკაციის წყარო ან თაროზე გაწყობის სქემა დაზიანების სტატუსი არ გაიცემა მუდმივი მდებარეობა (დაცვის ადგილი) ამჟამინდელი ადგილსამყოფელი თაროზე განთავსების ადგილი შეძენის თარიღი ღირებულება, შესყიდვის ნორმალური ფასი სრული შენახვის შიფრი შტრიხკოდი ბოლო ოპერაციის თარიღი ეგზემპლარის მიმდევრობითი ნომერი (კეტერი?) Uniform Resource Identifier ფასის ძალაში შესვლის თარიღი ეგზემპლარის სახეობა საჯარო შენიშვნა
          ბათუმის შოთა რუსთაველის სახელმწიფო უნივერსიტეტის მთავარი ბიბლიოთეკა ბათუმის შოთა რუსთაველის სახელმწიფო უნივერსიტეტის მთავარი ბიბლიოთეკა წიგნსაცავი 2023-09-20 8.00 821.411.21 ი-93 29751 2023-09-20 29751 ნაჩუქარი 2023-09-20 წიგნი 8 ლ.